000 00304nam a2200121Ia 4500
008 211105s9999 xx 000 0 und d
020 _aVYASA00157
100 _aKeith Berriedale
245 2 _aA History Of Sanskrit Literature
250 _a\N
260 _bMotilal banarsidass Publishers
_c\N
300 _a\N
999 _c8830
_d8830